00000000nam 2200000zi 4500
0019.924922
003CaOODSP
00520230921154051
006m     o  d f      
007cr |n|||||||||
008230711t20232023qucdab  ob   f|0| 0 eng d
020 |a9780660494340
040 |aCaOODSP|beng|erda|cCaOODSP
043 |an-cn---
0861 |aEm4-35/2023E-PDF
24500|aCanada's 2023 voluntary national review : |ba continued journey for implementing the 2030 agenda and the sustainable development goals.
264 1|a[Gatineau, Québec] : |bGovernment of Canada = Gouvernement du Canada, |c2023.
264 4|c©2023
300 |a1 online resource (89 pages) : |bcharts, illustrations, maps
336 |atext|btxt|2rdacontent
337 |acomputer|bc|2rdamedia
338 |aonline resource|bcr|2rdacarrier
500 |aIssued also in French under title: Examen national volontaire 2023 du Canada : une démarche continue à l'appui de la mise en Ĺ“uvre du programme 2030 et de l'atteinte des objectifs de développement durable.
504 |aIncludes bibliographical references.
650 0|aSustainable development|xGovernment policy|zCanada.
7101 |aCanada. |bEmployment and Social Development Canada, |eissuing body.
77508|tExamen national volontaire 2023 du Canada : |w(CaOODSP)9.924923
85640|qPDF|s3.62 MB|uhttps://publications.gc.ca/collections/collection_2023/edsc-esdc/Em4-35-2023-eng.pdf